Dead by Daylight - All Survivors - Statistics

General Stats
  • This quiz has been taken 84 times
    80 since last reset
  • The average score is 33 of 50
Answer Stats
Chapter Answer % Correct
Base Game Dwight Fairfield
94%
Resident Evil Leon S. Kennedy
94%
Base Game Meg Thomas
94%
Stranger Things Steve Harrington
94%
Resident Evil: Project W Ada Wong
92%
Stranger Things Chapter 2 Eleven
91%
Tomb Raider Lara Croft
91%
Stranger Things Nancy Wheeler
89%
Alan Wake Alan Wake
85%
Stranger Things Chapter 2 Dustin Henderson
85%
Halloween Laurie Strode
85%
Nicolas Cage Nicolas Cage
83%
All Things Wicked Sable Ward
81%
The Walking Dead Rick Grimes
79%
Base Game Claudette Morel
77%
Base Game Jake Park
77%
Resident Evil Jill Valentine
77%
The Last Breath Nea Karlsson
77%
A Lullaby for the Dark David King
75%
Saw Detective Tapp
75%
Alien Ellen Ripley
75%
Spark of Madness Feng Min
75%
Curtain Call Kate Denson
75%
Resident Evil: Project W Rebecca Chambers
75%
Of Flesh and Mud Ace Visconti
74%
Silent Hill Cheryl Mason
68%
The Walking Dead Michonne Grimes
66%
Hour of the Witch Mikaela Reid
64%
A Nightmare on Elm Street Quentin Smith
64%
Cursed Legacy Yui Kimura
60%
Shattered Bloodline Adam Francis
58%
Sadako Rising Yoichi Asakawa
57%
Tools of Torment Renato Lyra
55%
Castlevania Trevor Belmont
55%
All-Kill Yun-Jin Lee
55%
Ash VS. Evil Dead Ashley J. Williams
53%
End Transmission Gabriel Soma
51%
Tools of Torment Thalita Lyra
51%
Forged in Fog Vittorio Toscano
51%
Sinister Grace Vee Boonyasak
49%
Darkness Among Us Jeff Johansen
47%
Descend Beyond Felix Richter
43%
Demise of the Faithful Jane Romero
43%
Portrait of a Murder Jonah Vasquez
43%
Roots of Dread Haddie Kaur
42%
Chains of Hate Zarina Kassir
42%
A Binding of Kin Élodie Rakoto
40%
Steady Pulse Orela Rose
40%
Doomed Course Taurie Cain
40%
Dungeons & Dragons Aestri Yazar
38%
No matching quizzes found
Score Distribution
Percent of People with Each Score
Percentile by Number Answered
Your Score History
You have not taken this quiz since the last reset